[Event "GER-chT U16"]
[Site "Darmstadt"]
[Date "2022.12.27"]
[Round "2"]
[White "Orlowski, Arthur"]
[Black "Vecera, Fabio"]
[Result "0-1"]
[WhiteElo "1764"]
[BlackElo "1454"]
[PlyCount "90"]
[EventDate "2022.12.26"]
[EventType "team-swiss"]
[EventRounds "7"]
[EventCountry "GER"]
[SourceTitle "CBM 212 Extra"]
[Source "ChessBase"]
[SourceDate "2023.03.31"]
[SourceVersion "1"]
[SourceVersionDate "2023.03.31"]
[SourceQuality "1"]
[WhiteTeam "Lichtenberg Borussia"]
[BlackTeam "Leipzig VfB"]
[WhiteTeamCountry "GER"]
[BlackTeamCountry "GER"]

1. d4 Nf6 2. c4 g6 3. g3 c6 4. Bg2 d5 5. Nc3 Bg7 6. Nf3 0-0 7. 0-0 Nbd7 8. cxd5 cxd5 9. Qb3 e6 10. a4 Nb6 11. Ne5 Nfd7 12. Nxd7 Bxd7 13. Rd1 Bc6 14. Qc2 Nc4 15. b3 Nd6 16. Ba3 Re8 17. Rac1 Rc8 18. Qd3 Nf5 19. e3 h5 20. Nb5 Qa5 21. Bf1 Red8 22. h3 Bxb5 23. Qxb5 Qxb5 24. Bxb5 Bh6 25. Kg2 a6 26. Bd3 Bxe3 27. fxe3 Nxe3+ 28. Kf2 Nxd1+ 29. Rxd1 Rc3 30. Bc5 Rxb3 31. a5 Kg7 32. Ke3 f6 33. Rf1 Re8 34. Kd2 Rb2+ 35. Kc3 Rg2 36. Bd6 e5 37. dxe5 fxe5 38. Re1 Kf6 39. Rf1+ Kg7 40. Re1 e4 41. Bf1 Ra2 42. Kd4 Rxa5 43. Bc7 Ra2 44. Kxd5 Rd2+ 45. Kc5 Rc8 0-1